书目信息 |
| 题名: |
承包商工程项目管理实用手册
|
|
| 作者: | 李世蓉 , 杨莉琼 , 熊辉玲 编著 | |
| 分册: | ||
| 出版信息: | 北京 中国建筑工业出版社 2009.06 |
|
| 页数: | 248页 | |
| 开本: | 26cm | |
| 丛书名: | 实用建设工程项目管理系列手册 | |
| 单 册: | ||
| 中图分类: | F284 | |
| 科图分类: | ||
| 主题词: | 基本建设项目--ji ben jian she xiang mu--承包工程--项目管理--手册 | |
| 电子资源: | ||
| ISBN: | 978-7-112-10810-7 | |
| 000 | 01223nam 2200289 450 | |
| 001 | 563131 | |
| 005 | 20100809095931.53 | |
| 010 | @a978-7-112-10810-7@dCNY35.00 | |
| 100 | @a20100515d2009 em y0chiy0120 ea | |
| 101 | 0 | @achi |
| 102 | @aCN@b110000 | |
| 105 | @aa a 000yy | |
| 200 | 1 | @a承包商工程项目管理实用手册@Acheng bao shang gong cheng xiang mu guan li shi yong shou ce@f李世蓉 ... [等] 编著@Fli shi rong...[deng]bian zhu |
| 210 | @a北京@c中国建筑工业出版社@d2009.06 | |
| 215 | @a248页@c图@d26cm | |
| 225 | 2 | @a实用建设工程项目管理系列手册@Ashi yong jian she gong cheng xiang mu guan li xi lie shou ce |
| 304 | @a责任者还有:杨莉琼, 熊辉玲, 兰定筠 | |
| 320 | @a有书目 (第248页) | |
| 330 | @a本书从承包商的角度,分析了承包商项目管理与业主项目管理的根本区别,指出了施工总承包商与工程总承包商项目管理的程序、内容的不同点,阐述了施工总承包商项目管理的实施程序、内容和方法等。 | |
| 410 | 0 | @12001 @a实用建设工程项目管理系列手册 |
| 606 | 0 | @a基本建设项目@Aji ben jian she xiang mu@x承包工程@x项目管理@j手册 |
| 690 | @aF284@v4 | |
| 701 | 0 | @a李世蓉@Ali shi rong@4编著 |
| 701 | 0 | @a杨莉琼@Ayang li qiong@4编著 |
| 701 | 0 | @a熊辉玲@Axiong hui ling@4编著 |
| 801 | 0 | @aCN@c20100515 |
| 905 | @dF284@eL267@f5 | |
| 承包商工程项目管理实用手册/李世蓉 ... [等] 编著.-北京:中国建筑工业出版社,2009.06 |
| 248页:图;26cm .-(实用建设工程项目管理系列手册) |
| ISBN 978-7-112-10810-7:CNY35.00 |
| 本书从承包商的角度,分析了承包商项目管理与业主项目管理的根本区别,指出了施工总承包商与工程总承包商项目管理的程序、内容的不同点,阐述了施工总承包商项目管理的实施程序、内容和方法等。 |
| ● |
| 相关链接 |
|
|
|
正题名:承包商工程项目管理实用手册
索取号:F284/L267
 
预约/预借
| 序号 | 登录号 | 条形码 | 馆藏地/架位号 | 状态 | 备注 |
| 1 | 1020111 | 210201119 | 社科二线422/409社科库 100排6列2层/ [索取号:F284/L267] | 在馆 | |
| 2 | 1020112 | 210201128 | 社科库409/422社科库 37排3列1层/ [索取号:F284/L267] | 在馆 | |
| 3 | 1020113 | 210201137 | 社科库409/409社科库 102排7列3层/ [索取号:F284/L267] | 在馆 | |
| 4 | 1020114 | 210201146 | 社科库409/422社科库 37排3列1层/ [索取号:F284/L267] | 在馆 | |
| 5 | 1020115 | 210201155 | 社科库409/409社科库 102排7列3层/ [索取号:F284/L267] | 在馆 |